000 00405nam a2200181Ia 4500
008 210210b1966 xxu||||| |||| 00| 0 eng d
041 _aeng
082 _a320/634
100 _aWYZANSKI (C E)
245 _aNew meaning of justice
260 _a
_bNot Mentioned
_c1966
650 _aof
650 _aNew
650 _ameaning
650 _ajustice
690 _aPolitical Science
906 _a003266
999 _c118616
_d118616